Central Library OPAC University of Rajshahi

Aspects of protein structure : (Record no. 72546)

MARC details
000 -LEADER
fixed length control field 01064nam a2200241 a 4500
001 - CONTROL NUMBER
control field 72546
003 - CONTROL NUMBER IDENTIFIER
rucl marc code BD-RjUL
005 - DATE AND TIME OF LATEST TRANSACTION
control field 20211209082256.0
008 - FIXED-LENGTH DATA ELEMENTS--GENERAL INFORMATION
fixed length control field 170520s1963 xx 001 0 engm
035 ## - SYSTEM CONTROL NUMBER
System control number (BD-RjUL)72764
040 ## - CATALOGING SOURCE
Original cataloging agency DLC
Transcribing agency TOL
Modifying agency m.c.
-- MYG
-- BD-RjUL
Language of cataloging eng
041 ## - LANGUAGE CODE
Language code of text/sound track or separate title eng
082 ## - DEWEY DECIMAL CLASSIFICATION NUMBER
Edition number 23
Classification number 572.6
Author mark and year RAA 1963
111 2# - MAIN ENTRY--MEETING NAME
Meeting name or jurisdiction name as entry element International Symposium on Protein Structure and Crystallography
Date of meeting (1963 :
Location of meeting Madras, India)
9 (RLIN) 214588
245 10 - TITLE STATEMENT
Title Aspects of protein structure :
Remainder of title proceedings of a symposium held in Madras 14-18 January 1963 and organized by the University of Madras /
Statement of responsibility, etc. Edited by G. N. Ramachandran.
260 ## - PUBLICATION, DISTRIBUTION, ETC. (IMPRINT)
Place of publication, distribution, etc. London :
Name of publisher, distributor, etc. Academic Press,
Date of publication, distribution, etc. 1963.
300 ## - PHYSICAL DESCRIPTION
Pagination x, 380 p. :
Illustrations ill. ;
Size 23 cm.
500 ## - GENERAL NOTE
General note This volume is a report of the proceedings of the Symposium on protein structure, which formed a part of the International symposium on protein structure and crystallography.
504 ## - BIBLIOGRAPHY, ETC. NOTE
Bibliography, etc Includes bibliographical references.
650 #0 - SUBJECT ADDED ENTRY--TOPICAL TERM
Topical term or geographic name as entry element Proteins
Form subdivision Congresses.
9 (RLIN) 205032
710 2# - ADDED ENTRY--CORPORATE NAME
Corporate name or jurisdiction name as entry element University of Madras.
9 (RLIN) 214589
942 ## - ADDED ENTRY ELEMENTS (KOHA)
Source of classification or shelving scheme Dewey Decimal Classification
Koha item type Books
Holdings
Lost status Source of classification or shelving scheme Damaged status Not for loan Collection code Permanent Location Current Location Shelving location Date acquired Source of acquisition Cost, normal purchase price Total Checkouts Full call number Date last seen Copy number Koha item type
  Dewey Decimal Classification   Not For Loan Non-fiction Central Library, University of Rajshahi Central Library, University of Rajshahi Reading Room 27/07/1971 Zeitlinger 84.00   572.6 RAA 1963 20/05/2017 C-1 Books